El fondo del mar / (Record no. 165555)

MARC details
000 -LEADER
campo de control de longitud fija 00999nam a2200253 i 4500
001 - NÚMERO DE CONTROL
campo de control 165555
003 - IDENTIFICADOR DE NÚMERO DE CONTROL
campo de control ES-MaACL
005 - FECHA Y HORA DE LA ÚLTIMA TRANSACCIÓN
campo de control 20250307114551.0
008 - DATOS DE LONGITUD FIJA--INFORMACIÓN GENERAL
campo de control de longitud fija 050825q1900 sp a | |||||||| ||spa d
040 ## - FUENTE DE CATALOGACIÓN
Centro catalogador/agencia de origen CAM
Lengua de catalogación spa
Centro/agencia transcriptor CAM
100 1# - ENTRADA PRINCIPAL--NOMBRE DE PERSONA
Nombre de persona Sonrel, Léon.
9 (RLIN) 132819
245 13 - MENCIÓN DEL TÍTULO
Título El fondo del mar /
Mención de responsabilidad, etc. por L. Sonrel ; traduccion de Manuel Aranda y Sanjuan.
250 ## - MENCION DE EDICION
Mención de edición 2ª ed.
260 ## - PUBLICACIÓN, DISTRIBUCIÓN, ETC.
Lugar de publicación, distribución, etc. Barcelona :
Nombre del editor, distribuidor, etc. Juan Trilla editor,
Fecha de publicación, distribución, etc. [ca 1900] (
Fabricante Establecimiento tipográfico de Juan Tarral y cª)
300 ## - DESCRIPCIÓN FÍSICA
Extensión 74 p. :
Otras características físicas il. ;
Dimensiones 29 cm.
490 1# - MENCIÓN DE SERIE
Mención de serie Biblioteca de las maravillas
594 ## - Nota al título y mención de responsabilidad
Nota al título y mención de responsabilidad Tit. en la cub. original: "Maravillas del fondo del mar"
596 ## - NOTA AL PIE DE IMPRENTA
NOTA AL PIE DE IMPRENTA En el pie de imp. de la cub. original consta como ed.: Trilla y Serra editores.
650 #4 - PUNTO DE ACCESO ADICIONAL DE MATERIA--TÉRMINO DE MATERIA
Término de materia o nombre geográfico como elemento de entrada Fondo del mar.
9 (RLIN) 164089
700 1# - ENTRADA AGREGADA--NOMBRE PERSONAL
Nombre de persona Aranda y Sanjuán, Manuel,
Fechas asociadas al nombre 1845-1900
9 (RLIN) 22295
830 0# - PUNTO DE ACCESO ADICIONAL DE SERIE-TÍTULO UNIFORME
Título uniforme Biblioteca de las maravillas
9 (RLIN) 182500
852 ## - LOCALIZACIÓN
Ubicación ES-MaACL
Número de control de estantería Fol-Laf-28
Nota libre -- Rust.
-- -- Legado M. de la Fuente
Holdings
Estatus retirado Estado de pérdida Estado de daño No para préstamo Colección Biblioteca de origen Biblioteca actual Ubicación en estantería Fecha de adquisición Fuente de adquisición Total de préstamos Signatura topográfica completa Código de barras Visto por última vez Precio de reemplazo Tipo de ítem Koha
        Colección de folletos Biblioteca del Ateneo de Madrid Biblioteca del Ateneo de Madrid Depósito folletos 17/01/2008     Fol-Laf-28 1173615 23/02/2023 23/02/2023 Folleto